<?xml version="1.0" encoding="UTF-8"?>
<record
    xmlns:xsi="http://www.w3.org/2001/XMLSchema-instance"
    xsi:schemaLocation="http://www.loc.gov/MARC21/slim http://www.loc.gov/standards/marcxml/schema/MARC21slim.xsd"
    xmlns="http://www.loc.gov/MARC21/slim">

  <leader>02877nam a2200433Ii 4500</leader>
  <controlfield tag="001">DIGUDROS0932</controlfield>
  <controlfield tag="003">NyNyDIG</controlfield>
  <controlfield tag="006">m     o  d        </controlfield>
  <controlfield tag="007">cr |||||||||||</controlfield>
  <controlfield tag="008">130701s2012 a  ck      ob    000 0 spa d</controlfield>
  <datafield tag="020" ind1=" " ind2=" ">
    <subfield code="z">9789587382624</subfield>
  </datafield>
  <datafield tag="020" ind1=" " ind2=" ">
    <subfield code="z">9587382625</subfield>
  </datafield>
  <datafield tag="035" ind1=" " ind2=" ">
    <subfield code="a">(OCoLC)847725901</subfield>
  </datafield>
  <datafield tag="040" ind1=" " ind2=" ">
    <subfield code="a">DGITA</subfield>
    <subfield code="b">eng</subfield>
    <subfield code="e">pn</subfield>
    <subfield code="c">DGITA</subfield>
  </datafield>
  <datafield tag="043" ind1=" " ind2=" ">
    <subfield code="a">s-ck---</subfield>
  </datafield>
  <datafield tag="050" ind1="1" ind2="4">
    <subfield code="a">KHH3421 eBook</subfield>
  </datafield>
  <datafield tag="130" ind1="0" ind2=" ">
    <subfield code="a">Temas de derecho ambiental (Bogot&#xE1;, Colombia)</subfield>
  </datafield>
  <datafield tag="245" ind1="1" ind2="0">
    <subfield code="a">Temas de derecho ambiental :</subfield>
    <subfield code="b">una mirada desde lo p&#xFA;blio /</subfield>
    <subfield code="c">Gloria Amparo Rodr&#xED;guez, Iv&#xE1;n Andr&#xE9;s P&#xE1;ez P&#xE1;ez, editores acad&#xE9;micos.</subfield>
  </datafield>
  <datafield tag="250" ind1=" " ind2=" ">
    <subfield code="a">1. ed.</subfield>
  </datafield>
  <datafield tag="264" ind1=" " ind2="1">
    <subfield code="a">Bogot&#xE1;, D.C. :</subfield>
    <subfield code="b">Editorial Universidad del Rosario :</subfield>
    <subfield code="b">Universidad Colegio Mayor de Nuestra Se&#xF1;ora del Rosario, Facultad de Jurisprudencia,</subfield>
    <subfield code="c">2012.</subfield>
  </datafield>
  <datafield tag="300" ind1=" " ind2=" ">
    <subfield code="a">1 online resource (xi, 367 pages)</subfield>
  </datafield>
  <datafield tag="336" ind1=" " ind2=" ">
    <subfield code="a">text</subfield>
    <subfield code="b">txt</subfield>
    <subfield code="2">rdacontent</subfield>
  </datafield>
  <datafield tag="337" ind1=" " ind2=" ">
    <subfield code="a">computer</subfield>
    <subfield code="b">c</subfield>
    <subfield code="2">rdamedia</subfield>
  </datafield>
  <datafield tag="338" ind1=" " ind2=" ">
    <subfield code="a">online resource</subfield>
    <subfield code="b">cr</subfield>
    <subfield code="2">rdacarrier</subfield>
  </datafield>
  <datafield tag="490" ind1="1" ind2=" ">
    <subfield code="a">Textos de jurisprudencia.</subfield>
  </datafield>
  <datafield tag="504" ind1=" " ind2=" ">
    <subfield code="a">Includes bibliographical references.</subfield>
  </datafield>
  <datafield tag="505" ind1="0" ind2=" ">
    <subfield code="a">La consagraci&#xF3;n de los derechos ambientales en las constituciones pol&#xED;ticas de Colombia, Ecuador y Bolivia / Gloria Amparo Rodr&#xED;guez -- Introducci&#xF3;n al principio de precauci&#xF3;n / Martha Luc&#xED;a Ovalle Bracho, Zelba Nidia Castro de P&#xE9;rez -- El ambiente y los servidores p&#xFA;blicos : una aproximaci&#xF3;n desde la responsabilidad y la gesti&#xF3;n p&#xFA;blica / Luis Adolfo Diazgranados Quimbaya -- Contrataci&#xF3;n p&#xFA;blica e integraci&#xF3;n de la variable ambiental / Jorge Agudo Gonz&#xE1;lez -- Ley 1333 de 2009 : muchos problemas, pocas soluciones / Mauricio Rueda G&#xF3;mez -- Aproximaciones a la problem&#xE1;tica de la responsabilidad por da&#xF1;o ambiental en el contexto internacional / Jairo Cabrera Pantoja -- El da&#xF1;o a los bosques naturales : r&#xE9;gimen de responsabilidad y derechos humanos / Leonardo G&#xFC;iza Su&#xE1;rez -- La concesi&#xF3;n de aguas superficiales : una mirada desde la tradici&#xF3;n dogm&#xE1;tica del derecho p&#xFA;blico / Andr&#xE9;s G&#xF3;mez Rey -- El espacio p&#xFA;blico como uno de los componentes del medio ambiente urbano : an&#xE1;lisis de su protecci&#xF3;n judicial v&#xED;a acciones populares / Giovanni J. Herrera Carrascal -- La gesti&#xF3;n integral de residuos hospitalarios y similares en Colombia : introducci&#xF3;n al an&#xE1;lisis desde la perspectiva del derecho administrativo / Marlybell Ochoa Miranda.</subfield>
  </datafield>
  <datafield tag="650" ind1=" " ind2="0">
    <subfield code="a">Environmental law</subfield>
    <subfield code="z">Colombia.</subfield>
  </datafield>
  <datafield tag="650" ind1=" " ind2="0">
    <subfield code="a">Environmental law.</subfield>
  </datafield>
  <datafield tag="655" ind1=" " ind2="0">
    <subfield code="a">Electronic books.</subfield>
  </datafield>
  <datafield tag="700" ind1="1" ind2=" ">
    <subfield code="a">Rodr&#xED;guez, Gloria Amparo</subfield>
  </datafield>
  <datafield tag="700" ind1="1" ind2=" ">
    <subfield code="a">P&#xE1;ez P&#xE1;ez, Iv&#xE1;n Andr&#xE9;s</subfield>
  </datafield>
  <datafield tag="791" ind1="2" ind2=" ">
    <subfield code="a">Digitalia (Firm),</subfield>
    <subfield code="e">distributor.</subfield>
  </datafield>
  <datafield tag="830" ind1=" " ind2="0">
    <subfield code="a">Colecci&#xF3;n Textos de jurisprudencia.</subfield>
  </datafield>
  <datafield tag="793" ind1="0" ind2=" ">
    <subfield code="g">Digitalia eBook Collection:</subfield>
    <subfield code="a">Universidad del Rosario.</subfield>
  </datafield>
  <datafield tag="856" ind1="4" ind2="0">
    <subfield code="3">Digitalia Hisp&#xE1;nica</subfield>
    <subfield code="u">https://www.digitaliapublishing.com/a/18393/</subfield>
  </datafield>
  <datafield tag="910" ind1=" " ind2=" ">
    <subfield code="a">Premium Collection: 2007-2012</subfield>
  </datafield>
  <datafield tag="942" ind1=" " ind2=" ">
    <subfield code="c">RAA</subfield>
  </datafield>
  <datafield tag="952" ind1=" " ind2=" ">
    <subfield code="0">0</subfield>
    <subfield code="1">0</subfield>
    <subfield code="4">0</subfield>
    <subfield code="7">0</subfield>
    <subfield code="8">DEH</subfield>
    <subfield code="a">BD-UIN</subfield>
    <subfield code="b">BD-UIN</subfield>
    <subfield code="d">2025-04-25</subfield>
    <subfield code="l">0</subfield>
    <subfield code="r">2025-04-25</subfield>
    <subfield code="w">2025-04-25</subfield>
    <subfield code="y">RAA</subfield>
  </datafield>
  <datafield tag="999" ind1=" " ind2=" ">
    <subfield code="c">235844</subfield>
    <subfield code="d">235844</subfield>
  </datafield>
</record>
